Jamiyyat Ulama-I-Pakistan 1948-1979 (Record no. 380391)

000 -LEADER
fixed length control field 00479cam a22001457a 4500
008 - FIXED-LENGTH DATA ELEMENTS--GENERAL INFORMATION
fixed length control field 180718b1993 xxu||||| |||| 00| 0 eng d
082 ## - DEWEY DECIMAL CLASSIFICATION NUMBER
Classification number A6x547 M896
100 ## - MAIN ENTRY--PERSONAL NAME
Personal name Mujeeb Ahmad
245 ## - TITLE STATEMENT
Title Jamiyyat Ulama-I-Pakistan 1948-1979
Statement of responsibility, etc. by Mujeeb Ahmad
260 ## - PUBLICATION, DISTRIBUTION, ETC.
Place of publication, distribution, etc. Islamabad
Name of publisher, distributor, etc. National Institute of Historical and Cultural Research
Date of publication, distribution, etc. 1993
300 ## - PHYSICAL DESCRIPTION
Extent 264p.
650 ## - SUBJECT ADDED ENTRY--TOPICAL TERM
Topical term or geographic name entry element Jam'Iyyat 'Ulama-I-Pakistan - History
650 ## - SUBJECT ADDED ENTRY--TOPICAL TERM
Topical term or geographic name entry element Political parties - Pakistan
650 ## - SUBJECT ADDED ENTRY--TOPICAL TERM
Topical term or geographic name entry element Pakistan - History
Holdings
Withdrawn status Lost status Damaged status Not for loan Permanent Location Current Location Date acquired Full call number Barcode Date last seen Price effective from Koha item type
        Indian Institute of Public Administration Indian Institute of Public Administration 1996-10-07 A6x547 M896 71378 2018-07-21 2018-07-21 Book

Powered by Koha